000 00434nam a2200181Ia 4500
001 10917
005 20260306161907.0
008 260306t2010||||xx |||||||||||||| ||spa||
041 _aESP
082 _a980.0301
_bA156
100 _aAmodio, Emanuele
_eAUT
245 0 _aLas profundas cavernas de la memoria
260 _c2010
300 _a126 páginas :
_c28 cm.
650 _aGEN
654 _aCHU
942 _cLIB
_dJUS
_fJUS
_2ddc
_n
999 _c10917
_d10917